La ciudad educadora como forma de fortalecimiento de la democracia y de una ciudadanía activa y convivencial

Guardat en:
Dades bibliogràfiques
Autor principal: Ander-Egg, Ezequiel (autor)
Format: Llibre
Idioma:espanyol
Publicat: Córdoba Brujas 2008
Edició:1a. ed
Matèries:
Etiquetes: Afegir etiqueta
Sense etiquetes, Sigues el primer a etiquetar aquest registre!

MARC

LEADER 00000cam a2200000 a 4500
001 UCG7697
003 CL-VaPUC
008 110905e20080000AG |||||||||||||||||spa|d
020 |a 9789875911215 
082 0 4 |a 370.1  |b AND  |2 21 
100 |a Ander-Egg, Ezequiel  |e autor  |9 563263 
245 1 3 |a La ciudad educadora como forma de fortalecimiento de la democracia y de una ciudadanía activa y convivencial 
250 |a 1a. ed 
300 |a 104 p 
942 |c BK 
945 |d 20110905 00:00:00  |a dcastane 
260 |a Córdoba  |b Brujas  |c 2008 
650 0 |a Filosofía de la educación   |9 258384 
650 0 |a Planificación de la educación   |9 307333 
650 0 |a Reforma educacional   |9 256319 
650 0 |a Cambio social   |9 256857 
583 |a last modification  |c 20110905 13:21:00  |k Rodrigo Vera 
999 |c 345480  |d 345478 
952 |0 0  |1 0  |4 0  |6 370_100000000000000_AND_2008  |7 0  |8 A  |9 444250  |a BIBEDU  |b BIBEDU  |d 2019-11-22  |i 4789830  |o 370.1 AND 2008  |p 4789830  |r 2019-11-22  |w 2019-11-22  |y BK  |k EPE 
952 |0 0  |1 0  |3 erb  |4 0  |6 370_100000000000000_AND_2008  |7 0  |8 A  |9 444251  |a BIBING  |b BIBING  |i 5287030  |o 370.1 AND 2008  |p 5287030  |r 2025-01-20  |w 2019-11-22  |y BK  |z Catalogado en:20160512  |k GEO